000
00267nam a22001217a 4500
020
_a
9789698893064
082
_a
796.358
100
_a
Khan,Shahzad Ali
245
_a
Cricket milestones
260
_a
Karachi
_b
Jumbo Publishing
_c
2009
300
_a
100
942
_c
BK
999
_c
2498
_d
2498